000 00942nam a2200265Ia 4500
003 OSt
005 20220930082027.0
006 a|||||r|||| 00| 0
007 ta
008 220926b |||||||| |||| 00| 0 hin d
024 _a109656
037 _cTheses
040 _aCRL
_cCRL
_bhin
041 _2hin
_ahin
100 _aRathor Bhupender Kumar
_9542595
110 _aKota University, Kota. Rajkiya Mahavidhyalya, Kota. Department of Sanskrit
_9542596
245 0 _aVaisheshik darshan ke pramukh pramanik granthon ke sandharbh mein sarvdevacarya rachit praman manjari ka vevechnatmak adhyayan
_b Mool pathanuvaad sahit
260 _c2008
300 _a361p.
_ap.
_ccm.
650 _aSANSKRIT
700 _a Dr. Sudesh Ahuja Gu.
_9542597
700 _aKota University, Kota. Rajkiya Mahavidhyalya, Kota. Department of Sanskrit
_9542598
942 _cDIS
_2CC
999 _c872391
_d872391